Southville International School and Colleges
Your cart is empty.
  • Cart
  • Lists
    Public lists Eva Luna New books Lux_list list_1
    Your lists Log in to create your own lists
  • Log in to your account
  • Your cookies
  • Search history
Southville International School and Colleges
  • Advanced search
  • Recent comments
  • Most popular
  • Libraries

Log in to your account

Log in with GOOGLE


If you do not have an external account, but do have a local account, you can still log in:

  1. Home
  2. MARC view: Katihan /
Normal view MARC view ISBD view

Katihan / (Record no. 1469)

[ view plain ]
MARC details
000 -LEADER
fixed length control field 00828cam a22002777a 4500
001 - CONTROL NUMBER
control field 14598900
003 - CONTROL NUMBER IDENTIFIER
control field OSt
005 - DATE AND TIME OF LATEST TRANSACTION
control field 20140310181709.0
008 - FIXED-LENGTH DATA ELEMENTS--GENERAL INFORMATION
fixed length control field 061018s2002 ph 000 1 tgl d
010 ## - LIBRARY OF CONGRESS CONTROL NUMBER
LC control number 2004420743
020 ## - INTERNATIONAL STANDARD BOOK NUMBER
International Standard Book Number 9715554164
035 ## - SYSTEM CONTROL NUMBER
System control number (CStRLIN)MIUG03-B516
040 ## - CATALOGING SOURCE
Original cataloging agency MiU
Transcribing agency MiU
Modifying agency DLC
042 ## - AUTHENTICATION CODE
Authentication code lccopycat
-- lcode
050 00 - LIBRARY OF CONGRESS CALL NUMBER
Classification number PL 6058.9
Item number .Ag48K35 1911
082 ## - DEWEY DECIMAL CLASSIFICATION NUMBER
Classification number FIL 899.2113
Item number Ag9 2002
100 1# - MAIN ENTRY--PERSONAL NAME
Personal name Aguilar, Faustino S.,
Dates associated with a name 1882-1955.
245 10 - TITLE STATEMENT
Title Katihan /
Statement of responsibility, etc Faustino Aguilar.
260 ## - PUBLICATION, DISTRIBUTION, ETC. (IMPRINT)
Place of publication, distribution, etc Malate, Maynila, Pilipinas :
Name of publisher, distributor, etc De La Salle University Press,
Date of publication, distribution, etc 1911.
300 ## - PHYSICAL DESCRIPTION
Extent xvi, 115 p. :
Dimensions 18 cm.
650 #0 - SUBJECT ADDED ENTRY--TOPICAL TERM
Topical term or geographic name as entry element Tagalog fiction.
906 ## - LOCAL DATA ELEMENT F, LDF (RLIN)
a 7
b cbc
c copycat
d 4
e ncip
f 20
g y-gencatlg
942 ## - ADDED ENTRY ELEMENTS (KOHA)
Source of classification or shelving scheme Library of Congress Classification
Koha item type Books
Holdings
Withdrawn status Lost status Source of classification or shelving scheme Damaged status Home library Current library Shelving location Date acquired Total Checkouts Full call number Barcode Date last seen Copy number Price effective from Koha item type
    Library of Congress Classification   Luxembourg Library Luxembourg Library Filipiniana Section 12/06/2012   PL 6058.9 .Ag48K35 1911 13407 08/13/2013 1 10/03/2013 Books

Katihan /

APA

Aguilar F. S., . (1911). Katihan. Malate, Maynila, Pilipinas: De La Salle University Press.

Chicago

Aguilar Faustino S, . 1911. Katihan. Malate, Maynila, Pilipinas: De La Salle University Press.

Harvard

Aguilar F. S., . (1911). Katihan. Malate, Maynila, Pilipinas: De La Salle University Press.

MLA

Aguilar Faustino S, . Katihan. Malate, Maynila, Pilipinas: De La Salle University Press. 1911.

  • Place hold
  • Print
  • Cite
  • Add to your cart (remove)
  • Save record
    BIBTEX Dublin Core MARCXML MARC (non-Unicode/MARC-8) MARC (Unicode/UTF-8) MARC (Unicode/UTF-8, Standard) MODS (XML) RIS
  • More searches
    Search for this title in:
    Other Libraries (WorldCat) Other Databases (Google Scholar) Online Stores (Bookfinder.com) Open Library (openlibrary.org)

Exporting to Dublin Core...

SOUTHVILLE LIBRARY

Southville International School and Colleges Library

1281 Tropical Ave. Cor. Luxembourg St., BF Homes International, Las Pinas City

Tel. No. 8256374 / 252358 Loc. 117/146

Powered by Koha